| 000 | 01149cam a2200337 i 4500 | ||
|---|---|---|---|
| 999 |
_c200439085 _d57297 |
||
| 001 | 200439085 | ||
| 003 | TR-AnTOB | ||
| 005 | 20240814073634.0 | ||
| 007 | ta | ||
| 008 | 170825s2017 tu g 000 0 eng D | ||
| 020 | _a9786059623308 | ||
| 040 |
_aTR-AnTOB _beng _erda _cTR-AnTOB |
||
| 041 | 0 | _aeng | |
| 050 | 0 | 0 |
_aDS119.8.T8 _bÜ535 2017 |
| 090 |
_aDS 119.8.T8 _bÜ535 2017 |
||
| 100 | 1 |
_aÜnal, Derviş Fikret _eauthor _9129038 |
|
| 245 | 1 | 0 |
_aTurkey's relations with Israel : _bin the 2000s: a constructivist perspective / _cDr. Derviş Fikret Ünal. |
| 246 | 2 | 3 | _aIn the 2000s: A constructivist perspective. |
| 250 | _a2nd edition | ||
| 264 | 1 |
_aAnkara : _bAstana Yayınları, _c2017. |
|
| 300 |
_a314 pages ; _c24 cm |
||
| 336 |
_atext _2rdacontent |
||
| 337 |
_aunmediated _2rdamedia |
||
| 338 |
_avolume _2rdacarrier |
||
| 504 | _aIncludes bibliographical references (pages 259-288) | ||
| 651 | 0 |
_aTürkiye _xDış ilişkiler _zİsrail _2etuturkob _930691 |
|
| 651 | 7 |
_aTürkiye _xSiyaset ve yönetim _2 _9120128 |
|
| 651 | 7 |
_aİsrail _xDış ilişkiler _zTürkiye _2etuturkob _925168 |
|
| 942 |
_2lcc _cBK |
||